| 000 | 01266cam a22002533a 4500 | ||
|---|---|---|---|
| 001 | 2234 | ||
| 003 | PGUSA | ||
| 005 | 20140828083012.0 | ||
| 008 | 000601s2000||||xxu|||||s|||||000 1 eng d | ||
| 040 |
_aPGUSA _beng |
||
| 042 | _adc | ||
| 050 | 4 | _aPR | |
| 100 | 1 |
_aJerome, Jerome K. _q(Jerome Klapka), _d1859-1927 |
|
| 245 | 1 | 0 |
_aSketches in Lavender, Blue and Green _h[electronic resource] / _cJerome K. Jerome |
| 260 |
_bProject Gutenberg, _c2000 |
||
| 505 | 0 | _aReginald Blake, financier and cad -- An item of fashionable intelligence -- Blasé Billy -- The choice of Cyril Harjohn -- The materialisation of Charles and Mivanway -- Portrait of a lady -- The man who would manage -- The man who lived for others -- A man of habit -- The absent-minded man -- A charming woman -- Whibley's spirit -- The man who went wrong -- The hobby rider -- The man who did not believe in luck -- Dick Dunkerman's cat -- The minor poet's story -- The degeneration of Thomas Henry -- The city of the sea -- Driftwood. | |
| 506 | _aPublic domain in the USA. | ||
| 516 | _aElectronic text | ||
| 653 | _aManners and customs -- Fiction | ||
| 653 | _aShort stories, English | ||
| 830 | 0 |
_aProject Gutenberg _v2234 |
|
| 856 | 4 | 0 | _uhttp://www.gutenberg.org/ebooks/2234 |
| 942 | _cEB | ||
| 999 |
_c231571 _d231571 |
||